000 00435nam a2200133Ia 4500
008 100328s9999 xx 000 0 und d
082 _b17452
100 _aपंडित प्रकाश
245 _aजिगर मुरादाबादी
260 _bशिक्षा भारती
630 _aजिगर मुरादाबादी
730 _aजिगर मुरादाबादी
942 _cBOOK
999 _c512024
_d512021